Internetový anketový systém s vizualizáciou údajov : Diplomová práca

Salvato in:
Dettagli Bibliografici
Autore principale: Sudolský, Peter (Autore)
Altri autori: Vaský, Jozef, 1955- (xxx)
Natura: Manoscritto Libro
Lingua:slovacco
Pubblicazione: Trnava : STU v Bratislave MtF KAIA, 2007
Tags: Aggiungi Tag
Nessun Tag, puoi essere il primo ad aggiungerne!!

MARC

LEADER 00000ntm a22000003a 4500
001 stu144179
005 20160719155555.6
008 070813s2007----xo------------------slo-d
040 |a STU  |b slo 
041 0 |a slo 
044 |a xo 
100 1 |a Sudolský, Peter  |4 aut 
245 1 |a Internetový anketový systém s vizualizáciou údajov :  |b Diplomová práca 
260 |a Trnava :  |b STU v Bratislave MtF KAIA,  |c 2007 
300 |a 90 s  |c 1 CD-ROM 
500 |a Program: Automatizácia a informatizácia procesov 
700 1 |a Vaský, Jozef,  |d 1955-  |4 xxx  |u M6000  |U MTF Materiálovotechnologická fakulta  |T MTF Ústav aplikovanej informatiky, automatizácie a matematiky  |X 322  |U M6000  |Y 86  |7 A000000322 
996 |b 284M076902  |c M*DP-6750  |l MMSKP  |s P  |a 0  |w stu144179_0001